Crime in the library: a study of patterns, impact, and security (Record no. 626)

MARC details
000 -LEADER
fixed length control field 00393nam a2200157Ia 4500
020 ## - INTERNATIONAL STANDARD BOOK NUMBER
ISBN 0-8352-1863-5
082 ## - DEWEY DECIMAL CLASSIFICATION NUMBER
Classification number 025.82 LIN-;
100 ## - MAIN ENTRY--AUTHOR NAME
Personal name Lincoln, Alam Joy
245 #0 - TITLE STATEMENT
Title Crime in the library: a study of patterns, impact, and security
260 ## - PUBLICATION, DISTRIBUTION, ETC. (IMPRINT)
Place of publication New York
Name of publisher R.R. Bowker
Year of publication 1984
300 ## - PHYSICAL DESCRIPTION
Number of Pages 179p.
650 ## - SUBJECT ADDED ENTRY--TOPICAL TERM
Topical Term Libraries
650 ## - SUBJECT ADDED ENTRY--TOPICAL TERM
Topical Term Crime and libraries
650 ## - SUBJECT ADDED ENTRY--TOPICAL TERM
Topical Term Crime
942 ## - ADDED ENTRY ELEMENTS (KOHA)
Koha item type Books
Holdings
Withdrawn status Lost status Damaged status Not for loan Home library Current library Date acquired Bill Date Full call number Accession Number Price effective from Koha item type
        NASSDOC Library NASSDOC Library 08/06/2004 2004-10-22 025.82 LIN-; 20651 18/04/2019 Books